000
00290nam a2200109Ia 4500
008
220204s9999 xx 000 0 und d
082
_a
543.21
_b
BER
100
_a
Berg, Eugene W
245
0
_a
Physical and chemical methods of seperation
260
_a
New York
_b
McGraw Hill
_c
1963
942
_c
BK
999
_c
20377
_d
20377